World Landmarks in Spanish Quiz Stats

 Plays Quiz not verified by Sporcle

Score 0/25 Timer 05:00
1 Play Today
% Correct
Grand Canyon
95.2%
Eiffel Tower
95.2%
Mount Fuji
95.1%
Sydney Opera House
94.6%
Great Pyramid of Giza
94.5%
Statue of Liberty
94.5%
Niagara Falls
94.5%
Saint Basil's Cathedral
94.5%
Great Wall of China
94.4%
Leaning Tower of Pisa
94.3%
White Cliffs of Dover
94.3%
Parthenon
94.2%
Blue Mosque
94.2%
% Correct
Christ the Redeemer
94.1%
Brandenburg Gate
93.9%
Trevi Fountain
93.9%
White House
93.8%
Great Barrier Reef
93.5%
Death Valley
93.1%
Forbidden City
93%
Easter Island
92.7%
Cape of Good Hope
92.6%
Sistine Chapel
92.3%
Petronas Towers
92.1%
Little Mermaid
87.4%

You're not logged in!

Compare scores with friends on all Sporcle quizzes.
OR
Log In

Show Comments

Extras

Top Quizzes Today


Score Distribution

Your Account Isn't Verified!

In order to create a playlist on Sporcle, you need to verify the email address you used during registration. Go to your Sporcle Settings to finish the process.

Report this User

Report this user for behavior that violates our Community Guidelines.

Details: